Probabilistic Neural Network for Speaker Recognition

Bibliographic Details
Main Author: Walkowiak, Tomasz (Author)
Format: Article
Language:English
ISBN:8096793527

MARC

LEADER 00000naa a2200000uu 4500
001 vtls010952187
003 SK-MaSNL
005 20260302123640.0
008 210906|1998 xo |||||||||||||||||eng|
015 |a SNBRA 
035 |a (urnnbn)urn:nbn:sk:snk:ar-a0bkm9 
035 |a (uuid)19857a82-e287-4778-837c-e05f95f33169 
035 |a urn:nbn:sk:snk-aaucn3 
040 |a SNKBUCL  |b slo  |c SNKBUCL  |e AACR2 
041 0 |a eng 
044 |a xo  |c SK 
100 1 |a Walkowiak, Tomasz  |4 aut  |9 744956 
245 1 0 |a Probabilistic Neural Network for Speaker Recognition  |c Tomasz Walkowiak 
773 0 |t 2nd Slovak conference on artificial neural networks  |d Trnava : [B-print, 1998, 1998  |g S. 126-131  |z 8096793527 
958 |a OND 
958 |a article11 
958 |a chapter 
999 |c 1284028  |d 1285958